[Event "Steyr Landesliga 2122"]
[Site "Austria"]
[Date "2021.10.16"]
[Round "1.7"]
[White "Zeiler, Georg"]
[Black "Flitsch, Guenther"]
[Result "1/2-1/2"]
[WhiteElo "1759"]
[BlackElo "1889"]
[PlyCount "69"]
[EventDate "2021.10.16"]
[EventType "team-tourn"]
[EventRounds "11"]
[EventCountry "AUT"]
[SourceTitle "EXT 2023"]
[Source "ChessBase"]
[SourceDate "2022.10.05"]
[SourceVersion "1"]
[SourceVersionDate "2022.10.05"]
[SourceQuality "1"]
[WhiteTeam "Trofaiach Niklasdorf"]
[BlackTeam "Gratwein Strassengel"]
[WhiteTeamCountry "AUT"]
[BlackTeamCountry "AUT"]

1. d4 Nf6 2. Nf3 c5 3. c4 cxd4 4. Nxd4 g6 5. Nc3 Bg7 6. g3 Nc6 7. Bg2 0-0 8. 0-0 Nxd4 9. Qxd4 d6 10. Bg5 Be6 11. Rac1 Nd5 12. Qh4 Nxc3 13. Rxc3 f6 14. Bh6 Rb8 15. Bxg7 Kxg7 16. Qd4 Qa5 17. a3 Qc5 18. e3 Rfc8 19. Rfc1 b6 20. b4 Qe5 21. f4 Qxd4 22. exd4 Rc7 23. Kf2 Rbc8 24. c5 dxc5 25. dxc5 bxc5 26. Rxc5 Rxc5 27. Rxc5 Kf7 28. Rxc8 Bxc8 29. Ke3 e5 30. Bd5+ Ke7 31. fxe5 fxe5 32. Be4 Bd7 33. Kf3 Kf6 34. h4 h6 35. Ke3 1/2-1/2

[Event "Steyr Landesliga 1920"]
[Site "Austria"]
[Date "2019.10.05"]
[Round "2.6"]
[White "Rattinger, Friedrich"]
[Black "Zeiler, Georg"]
[Result "1-0"]
[WhiteElo "2037"]
[BlackElo "1770"]
[PlyCount "59"]
[EventDate "2019.09.28"]
[EventType "team-tourn"]
[EventRounds "11"]
[EventCountry "AUT"]
[SourceTitle "CBM 193 Extra"]
[Source "ChessBase"]
[SourceDate "2020.01.31"]
[SourceVersion "1"]
[SourceVersionDate "2020.01.31"]
[SourceQuality "1"]
[WhiteTeam "Krieglach Windheimat"]
[BlackTeam "Trofaiach Niklasdorf"]
[WhiteTeamCountry "AUT"]
[BlackTeamCountry "AUT"]

1. d4 d5 2. c4 c6 3. Nf3 Nf6 4. cxd5 cxd5 5. Nc3 Nc6 6. Bf4 Bf5 7. e3 a6 8. Ne5 e6 9. g4 Nxe5 10. gxf5 Ned7 11. fxe6 fxe6 12. Bd3 Be7 13. h4 0-0 14. h5 Rc8 15. Qc2 h6 16. Ke2 Kh8 17. Rag1 Ng8 18. Rg6 Rf6 19. Rhg1 Rxg6 20. Bxg6 b5 21. a3 a5 22. Qb3 b4 23. axb4 axb4 24. Na4 Qf8 25. Qd3 Bd6 26. Bxd6 Qxd6 27. Bf7 Ngf6 28. Qg6 Qf8 29. Bxe6 Rc2+ 30. Qxc2 1-0

[Event "Feffernitz op 28th"]
[Site "Feffernitz"]
[Date "2019.08.25"]
[Round "9"]
[White "Zeiler, Georg"]
[Black "Tarmann, Johannes"]
[Result "1/2-1/2"]
[WhiteElo "1794"]
[BlackElo "1927"]
[PlyCount "52"]
[EventDate "2019.08.18"]
[EventType "swiss"]
[EventRounds "9"]
[EventCountry "AUT"]
[SourceTitle "EXT 2020"]
[Source "ChessBase"]
[SourceDate "2019.10.17"]
[SourceVersion "1"]
[SourceVersionDate "2019.10.17"]
[SourceQuality "1"]

1. d4 c5 2. Nf3 cxd4 3. Nxd4 Nf6 4. c4 Nc6 5. g3 e5 6. Nb5 d6 7. Bg2 Be6 8. N1a3 Be7 9. 0-0 0-0 10. b3 Rc8 11. Bg5 a6 12. Bxf6 gxf6 13. Nc3 Qa5 14. Nab1 b5 15. Nd5 bxc4 16. bxc4 Bd8 17. Nd2 f5 18. Nb3 Qa3 19. Qc1 Qxc1 20. Rfxc1 e4 21. Nf4 Bg5 22. Nxe6 fxe6 23. e3 Ne5 24. Bf1 Bf6 25. Rab1 Nf3+ 26. Kg2 Rc6 1/2-1/2

[Event "Steyr Landesliga 1819"]
[Site "Austria"]
[Date "2019.03.09"]
[Round "9.7"]
[White "Zeiler, Georg"]
[Black "Gampersberger, Herbert"]
[Result "1/2-1/2"]
[WhiteElo "1693"]
[BlackElo "1956"]
[PlyCount "127"]
[EventDate "2018.10.06"]
[EventType "team-tourn"]
[EventRounds "11"]
[EventCountry "AUT"]
[SourceTitle "CBM 189 Extra"]
[Source "ChessBase"]
[SourceDate "2019.06.03"]
[SourceVersion "1"]
[SourceVersionDate "2019.06.03"]
[SourceQuality "1"]
[WhiteTeam "Trofaiach Niklasdorf"]
[BlackTeam "Leibnitz"]
[WhiteTeamCountry "AUT"]
[BlackTeamCountry "AUT"]

1. c4 e5 2. g3 Nf6 3. Bg2 d5 4. cxd5 Nxd5 5. Nc3 Nb6 6. Nf3 Nc6 7. 0-0 Be6 8. h3 Be7 9. d3 0-0 10. Bd2 f5 11. a4 Rb8 12. a5 Nd5 13. Nxd5 Bxd5 14. Bc3 Qd6 15. d4 e4 16. Nd2 g5 17. e3 Qe6 18. Re1 Bd6 19. Qh5 Qf6 20. h4 g4 21. Bf1 Bf7 22. Bc4 Qg6 23. Bxf7+ Kxf7 24. Qxg6+ hxg6 25. Nc4 Ke6 26. Nxd6 cxd6 27. Kf1 Rbc8 28. Ke2 Nb8 29. Rh1 Rh8 30. d5+ Kxd5 31. Rhd1+ Ke6 32. Bxh8 Rxh8 33. Rac1 Kd7 34. Rd5 Ke6 35. Rb5 Rh7 36. Rb3 a6 37. Rb6 Nc6 38. b4 Rd7 39. Kd2 Kd5 40. Kc3 Ne5 41. Rd1+ Nd3 42. Rd2 Rc7+ 43. Kb3 Ke6 44. Rc2 Kd7 45. Rxc7+ Kxc7 46. Kc4 Nxf2 47. b5 axb5+ 48. Rxb5 Nh1 49. Rxf5 Nxg3 50. Rf4 Nf5 51. Kd5 g3 52. Kxe4 g2 53. Rg4 Nxh4 54. Rg5 Kd7 55. Rg4 Ke6 56. Kf4 Kf6 57. Ke4 Ke6 58. Kf4 d5 59. Rg3 Kf6 60. Rg5 Ke6 61. Rg3 g5+ 62. Rxg5 Kf6 63. Rg3 Ke6 64. Rg4 1/2-1/2

[Event "Steyr Landesliga 1415"]
[Site "Austria"]
[Date "2014.10.25"]
[Round "3.8"]
[White "Zeiler, Georg"]
[Black "Kiss, Balint"]
[Result "0-1"]
[WhiteElo "1536"]
[BlackElo "1985"]
[PlyCount "64"]
[EventDate "2014.09.27"]
[EventType "team-tourn"]
[EventRounds "11"]
[EventCountry "AUT"]
[SourceTitle "EXT 2016"]
[Source "ChessBase"]
[SourceDate "2015.10.08"]
[SourceVersion "1"]
[SourceVersionDate "2015.10.08"]
[SourceQuality "1"]
[WhiteTeam "Trofaiach Niklasdorf"]
[BlackTeam "Fuerstenfeld/Hartberg"]
[WhiteTeamCountry "AUT"]
[BlackTeamCountry "AUT"]

1. d4 d5 2. c4 c6 3. Nf3 Nf6 4. Bg5 Ne4 5. Bh4 Qa5+ 6. Nbd2 dxc4 7. e3 e6 8. Bxc4 g5 9. Bg3 g4 10. Bxb8 gxf3 11. Bc7 b6 12. a3 Qxd2+ 13. Qxd2 Nxd2 14. Kxd2 fxg2 15. Rhg1 Rg8 16. Bd3 f5 17. Bg3 Bb7 18. Rxg2 c5 19. Bb5+ Kf7 20. Rgg1 cxd4 21. exd4 Bg7 22. Be5 Bxe5 23. dxe5 Rgd8+ 24. Ke3 Rd5 25. Rac1 Rxe5+ 26. Kd2 Rd8+ 27. Bd3 Be4 28. Rc7+ Kf6 29. Rgg7 Rxd3+ 30. Ke2 Rc5 31. Rxa7 Rc2+ 32. Ke1 Bf3 0-1

[Event "Steyr Landesliga 1314"]
[Site "Austria"]
[Date "2014.03.29"]
[Round "10.8"]
[White "Zeiler, Georg"]
[Black "Raeke, Philipp"]
[Result "1-0"]
[WhiteElo "1345"]
[BlackElo "1139"]
[PlyCount "47"]
[EventDate "2013.09.28"]
[EventType "team-tourn"]
[EventRounds "11"]
[EventCountry "AUT"]
[SourceTitle "EXT 2015"]
[Source "ChessBase"]
[SourceDate "2014.11.20"]
[SourceVersion "1"]
[SourceVersionDate "2014.11.20"]
[SourceQuality "1"]
[WhiteTeam "Trofaiach Niklasdorf"]
[BlackTeam "Kapfenberg/Norske/Bruck"]
[WhiteTeamCountry "AUT"]
[BlackTeamCountry "AUT"]

1. d4 f5 2. c4 e6 3. Nf3 d5 4. Bg5 Nf6 5. e3 c6 6. Nc3 Nbd7 7. Ne5 Bd6 8. Nxd7 Bxd7 9. Be2 0-0 10. 0-0 Be8 11. cxd5 exd5 12. Bd3 Bg6 13. Qc2 Qd7 14. Bxf6 Rxf6 15. Rac1 f4 16. Bxg6 Rxg6 17. exf4 Bxf4 18. Rce1 Rxg2+ 19. Kxg2 Qg4+ 20. Kh1 Qh3 21. f3 Rf8 22. Qg2 Qh5 23. Re7 Rf6 24. Qxg7# 1-0